| 000 | 00709nam a2200205 4500 | ||
|---|---|---|---|
| 001 | 121942 | ||
| 003 | ES-MaACL | ||
| 005 | 20250820215424.0 | ||
| 007 | t| | ||
| 008 | 070214s1978 sp r ||||1| spa d | ||
| 245 | 0 | 0 |
_aPoder y clases sociales / _cedición de Antonio López Pina ; contribuciones de Enrique Fuentes Quintana... [et al.]. |
| 260 |
_aMadrid : _bTecnos, _c1978. |
||
| 300 |
_a149 p. ; _c24 cm. |
||
| 490 | 1 | _aCiencias sociales. Serie de sociología | |
| 700 | 1 |
_aLópez Pina, Antonio. _9183727 |
|
| 700 | 1 |
_aFuentes Quintana, Enrique, _d1924-2007 _952942 |
|
| 830 | 0 | 0 |
_aCiencias sociales. _pSociología _9181951 |
| 852 |
_aES-MaACL _jA-9022 _bR.98020 |
||
| 999 |
_c121942 _d121942 |
||